| 000 | 00813cam a2200205 a 4500 | ||
|---|---|---|---|
| 001 | 000019821 | ||
| 005 | 20200929170142.0 | ||
| 008 | 090408s2008 cu h 000 0 spa d | ||
| 020 | _a9789597137399 | ||
| 040 |
_aDO-SdBNP _cDLC _dBNPHU _bspa |
||
| 082 |
_annnn _bP418f |
||
| 245 | 0 | 0 |
_aPensamientos de Félix Varela y Morales / _cselección y compilación de María Margarita León Ortiz ; edición de Carlos L. Zamora y Elda González. |
| 260 |
_aLa Habana : _bBiblioteca Nacional José Martí, _c2008. |
||
| 300 |
_a167 p. : _bfascs. ; _c21 cm. |
||
| 504 | _aIncludes bibliographical references (p. 18). | ||
| 600 | 1 | 4 |
_aVarela y Morales, Félix, _d1788-1853. _942301 |
| 700 | 1 |
_aZamora, Carlos L., _eed. _942302 |
|
| 700 | 1 |
_aGonzález, Elda, _eed. _942303 |
|
| 700 | 1 |
_aLeón Ortiz, María Margarita, _d1952- _942304 |
|
| 999 |
_c19334 _d19334 |
||